[Event "Maria Teresa Mora Memorial op"]
[Site "Havana"]
[Date "2018.03.08"]
[Round "1"]
[White "Diaz Rodriguez, Leandro"]
[Black "Rosabales Gonzalez, Luis Leonel"]
[Result "0-1"]
[WhiteElo "1809"]
[BlackElo "2028"]
[PlyCount "106"]
[EventDate "2018.03.08"]
[EventType "swiss"]
[EventRounds "9"]
[EventCountry "CUB"]
[SourceTitle "EXT 2021"]
[Source "ChessBase"]
[SourceDate "2020.10.23"]
[SourceVersion "1"]
[SourceVersionDate "2020.10.23"]
[SourceQuality "1"]

1. e4 d5 2. exd5 Qxd5 3. Nc3 Qa5 4. Nf3 Nf6 5. Bc4 Bg4 6. d3 e6 7. Bd2 c6 8. Nd5 Qd8 9. Nxf6+ Qxf6 10. Bc3 Bxf3 11. Qxf3 Qxf3 12. gxf3 Rg8 13. 0-0-0 Nd7 14. Rhg1 g6 15. Rde1 h5 16. a3 0-0-0 17. h3 Nb6 18. Ba2 Bc5 19. Re2 Bd4 20. Bxd4 Rxd4 21. Rxe6 Rf4 22. Re7 Rf8 23. Re3 Kd7 24. Rge1 Nc8 25. Kd2 Nd6 26. Ke2 Rh4 27. Rh1 Nf5 28. Re4 Nd4+ 29. Ke3 Nxc2+ 30. Kd2 Rxe4 31. fxe4 Nd4 32. Ke3 Nb5 33. Rc1 Ke7 34. f4 Rd8 35. a4 Nd6 36. h4 a6 37. Bc4 Ne8 38. f5 gxf5 39. exf5 Kf6 40. b4 Nd6 41. Kd4 Nxc4+ 42. Kxc4 Rd5 43. Rf1 Rxf5 44. Rxf5+ Kxf5 45. Kc5 Kg4 46. Kb6 f5 47. Kxb7 f4 48. Kxa6 f3 49. b5 cxb5 50. axb5 f2 51. b6 f1Q 52. b7 Qxd3+ 53. Kb6 Qd8+ 0-1